Soccer/Football Clubs to Countries #2 - Statistics

General Stats
  • This quiz has been taken 142 times
  • The average score is 11 of 15
Answer Stats
Hint Answer % Correct
Feyenoord Netherlands
100%
Lazio Italy
99%
Galatasaray Turkey
98%
Shakhtar Ukraine
95%
Corinthians Brazil
94%
Cruz Azul Mexico
87%
LAFC United States
84%
Kaizer Chiefs South Africa
76%
HJK Finland
75%
Djurgardens IF Sweden
73%
Rijeka Croatia
69%
Pohang Steelers South Korea
63%
Ismaily Egypt
46%
Alashkert Armenia
36%
Hearts of Oak Ghana
26%
No matching quizzes found
Score Distribution
Percent of People with Each Score
Percentile by Number Answered
Your Score History
You have not taken this quiz